On the variability of Brachylecithum strigosum (Looss, 1899) (Trematoda, Dicrocoeliidae) in Cuculus canorus L. (Cuculiformes) in Slovakia

Bibliographic Details
Main Authors: Špakulová, M. (Author), Macko, Jozef Kazimír, 1927- (Author), Casanova, J. С. (Author)
Format: Article
Language:Slovak
English

MARC

LEADER 00000nab a2200000ua 4500
001 vtls010762984
003 SK-MaSNL
005 20260304202737.0
008 250718s1997 xo |||||||||||||||||slo|
035 |a (urnnbn)urn:nbn:sk:snk:ar-a05reu 
035 |a (uuid)4d264f94-0e0b-4946-acf5-c321755ddc36 
035 |a urn:nbn:sk:snk-ab4ur4 
040 |a SNKBUCL  |b slo  |c SNKBUCL  |e AACR2 
041 0 |a eng 
044 |a xo  |c SK 
100 1 |a Špakulová, M.  |4 aut  |9 778178 
245 1 0 |a On the variability of Brachylecithum strigosum (Looss, 1899) (Trematoda, Dicrocoeliidae) in Cuculus canorus L. (Cuculiformes) in Slovakia  |c M. Špakulová, J. K. Macko, J. С. Casanova 
700 1 |a Macko, Jozef Kazimír,  |d 1927-  |4 aut  |9 37748 
700 1 |a Casanova, J. С.  |4 aut  |9 1534957 
773 0 |t Helminthologia  |g Roč. 34, č. 4 (1997), s. 207-213 
850 |a Slovenská národná knižnica 
852 |a Slovenská národná knižnica 
958 |a article3 
958 |a OND 
958 |a EUIPO 
999 |c 3105213  |d 3107143